000 00853nam a2200217 i 4500
001 141331
003 ES-MaACL
005 20250809063317.0
007 t|
008 070921s1944 sp ||||1| spa d
080 _a35:347.9
100 1 _aVillar y Romero, José María.
_9115107
245 1 0 _aDerecho procesal administrativo
_b: doctrina, legislación y jurisprudencia sobre procedimiento administrativo /
_cJosé María Villar y Romero.
260 _aMadrid :
_bRevista de Derecho Privado,
_c[1944] (
_fImp. Delicias)
300 _a528 p. ;
_c23 cm.
490 1 _aRevista de Derecho Privado ;
_v10.
_aSerie G. Manuales de Derecho
650 1 4 _aProcedimiento contencioso administrativo-
_zEspaña.
_916424
830 0 0 _aRevista de derecho privado
_v10.
_9232247
852 _aES-MaACL
_jF-16151
_bR.20970
999 _c141331
_d141331